• 首页
  • 本馆介绍
  • 公告通知
  • 最新文献
  • 馆藏检索
  • 电子资源
  • 读者导购
  • 参考咨询
  • 我的图书馆
  • 登录
  • 详细信息显示
  • 放入我的书架
  • 预约/预借图书
  • 作者相关作品
  • 分类相关作品
  • 丛书相关作品
  • 出版社相关作品

书目信息

  • 表格格式
  • 工作单格式
  • 卡片格式
题名:
当代中国的物价
    
 
作者: 胡邦定 主编 ;王振之 撰稿
分册:  
出版信息: 北京   中国社会科学出版社  1989
页数: 462页
开本: 20cm
丛书名: 当代中国丛书
单 册:
中图分类: F726
科图分类:
主题词: 经济体制改革-价格--中国 , 价格-经济体制改革--中国
电子资源:
ISBN: 7-5004-0528-6
000 00801nam2 2200265 45
001 0196102482
005 20061031081442.37
010    @a7-5004-0528-6@dCNY8.25@z7-5004-528-6
010    @a7-5004-0527-8@b精装@d¥9.95@z7-5004-0527-8
100    @a19960809d1989 em y0chiy0121 ea
101 0  @achi
102    @aCN@b110000
105    @ay z 000yy
200 10 @a当代中国的物价@Adang dai zhong guo de wu jia@f胡邦定主编@g王振之等撰稿
210    @a北京@c中国社会科学出版社@d1989
215    @a462页@d20cm
225 2  @a当代中国丛书
410  0 @120010@a当代中国丛书
606    @a经济体制改革-价格@y中国
606    @a价格-经济体制改革@y中国
690    @aF726@v3
701  0 @a胡邦定@Ahu bang ding@4主编
702  0 @a王振之@Awang zhen zhi@4撰稿
801  0 @aCN@bTSSF@c20061031
905    @a10447@dF726@e12
    
    当代中国的物价/胡邦定主编/王振之等撰稿.-北京:中国社会科学出版社,1989
    462页;20cm.-(当代中国丛书)
    
    
    ISBN 7-5004-0528-6:CNY8.25
    
●
相关链接 在E读中查询图书 在五车中查询图书 在当当中查询图书 在豆瓣中查询图书


正题名:当代中国的物价     索取号:F726/12         预约/预借

序号 登录号 条形码 馆藏地/架位号 状态 备注
1 0226689   002058506   第一样本阅览室/ [索取号:F726/12] 在馆    
唐山师范学院图书馆 欢迎您!
大连网信软件有限公司© 版权所有